000
00372nam a2200181Ia 4500
100
_a
Rodgers/Glen E
650
_a
Inorganic Chemistry
250
_a
3
942
_c
BK
366
_f
25
654
_a
inorganic chemistry
245
_a
Inorganic Chemistry
260
_b
Cengage Learning
_c
2012
082
_b
ROD
300
_a
624
546
_a
ENGLISH
999
_c
18396
_d
18396